| 000 | 00766nam a2200217 a 4500 | ||
|---|---|---|---|
| 001 | 57802 | ||
| 003 | BD-RjUL | ||
| 005 | 20211209080544.0 | ||
| 008 | 161211s2015 bg ||||| |||| 00| 0 ben d | ||
| 020 |
_a9849849093206 _c: Tk. 200.00 |
||
| 035 | _a(BD-RjUL) 57926 | ||
| 040 |
_aBD-RjUL _bben _cBD-RjUL |
||
| 041 | _aben | ||
| 082 |
_223 _bSAP 2015 _a891.443 |
||
| 100 | 1 |
_aসরকার, আবদুল মান্নান. _9170514 |
|
| 245 | 1 | 0 |
_aপিতি-পুরুষ / _cআবদুল মান্নান সরকার |
| 260 |
_aঢাকা : _bমনন প্রকাশ, _c২০১৫ |
||
| 300 |
_a১২৭ পৃ ; _c২০ সেমি. |
||
| 650 |
_aবাংলা উপন্যাস _xBangali fiction _9171654 |
||
| 942 |
_2ddc _cBK |
||
| 999 |
_c57802 _d57802 |
||